Meditaciones evangélicas / (Record no. 110077)

MARC details
000 -LEADER
campo de control de longitud fija 00631nam a2200181 4500
001 - NÚMERO DE CONTROL
campo de control 110077
003 - IDENTIFICADOR DE NÚMERO DE CONTROL
campo de control ES-MaACL
005 - FECHA Y HORA DE LA ÚLTIMA TRANSACCIÓN
campo de control 20230906184955.0
007 - CAMPO FIJO DE DESCRIPCIÓN FÍSICA--INFORMACIÓN GENERAL
campo de control de longitud fija t|
008 - DATOS DE LONGITUD FIJA--INFORMACIÓN GENERAL
campo de control de longitud fija 061121s1964 sp r ||||1| spa d
100 1# - ENTRADA PRINCIPAL--NOMBRE DE PERSONA
Nombre de persona O'Rahilly, Alfred.
9 (RLIN) 86360
245 10 - MENCIÓN DEL TÍTULO
Título Meditaciones evangélicas /
Mención de responsabilidad, etc. Alfred O'Rahilly ; prólogo por M.C. D'Arcy S.N. ; [versión española y notas adicionales por Nicolás Nicolau Carrio.
260 ## - PUBLICACIÓN, DISTRIBUCIÓN, ETC.
Lugar de publicación, distribución, etc. Barcelona :
Nombre del editor, distribuidor, etc. Juan Flors ed.,
Fecha de publicación, distribución, etc. 1964.
300 ## - DESCRIPCIÓN FÍSICA
Extensión XVI, 444 p. :
Otras características físicas il ;
Dimensiones 21 cm.
700 1# - ENTRADA AGREGADA--NOMBRE PERSONAL
Nombre de persona D'Aroy, M.C.
9 (RLIN) 42365
700 1# - ENTRADA AGREGADA--NOMBRE PERSONAL
Nombre de persona Nicolau Carrio, Nicolás.
9 (RLIN) 85585
852 ## - LOCALIZACIÓN
Ubicación ES-MaACL
Número de control de estantería C-24514
Sublocalización o colección R.53388
Holdings
Estatus retirado Estado de pérdida Estado de daño No para préstamo Biblioteca de origen Biblioteca actual Ubicación en estantería Fecha de adquisición Fuente de adquisición Total de préstamos Signatura topográfica completa Código de barras Visto por última vez Precio de reemplazo Tipo de ítem Koha
        Biblioteca del Ateneo de Madrid Biblioteca del Ateneo de Madrid Depósito 2 17/01/2008     C-24514 1114846 23/02/2023 23/02/2023 Libro impreso